[Event "Mystery smack down"]
[Site "http://www.queenalice.com/game.php?id=38122"]
[Date "2005.11.16"]
[Round "-"]
[White "croquesaveur"]
[Black "Edgar"]
[Result "1-0"]
[WhiteElo "1561"]
[BlackElo "1604"]

1. e4 e5 2. Nf3 Nc6 3. Bb5 a6 4. Ba4 Nf6 5. Nc3 Bd6 6. O-O O-O 7. Re1 h6 8. d4
Ng4 9. d5 Ne7 10. h3 Nf6 11. Bb3 Ng6 12. Bd2 Nf4 13. Ne2 Nxe4 14. Nxf4 Nxd2 15.
Qxd2 exf4 16. Ne5 Bxe5 17. Rxe5 d6 18. Re4 Qg5 19. Qc3 Bxh3 20. Qxh3 Rfe8 21.
Rae1 Rxe4 22. Rxe4 Qf6 23. c3 Rd8 24. Qf3 g5 25. g3 Qf5 26. gxf4 f6 27. Bc2 Qd7
28. fxg5 fxg5 29. Qf6 Rf8 30. Qg6+ Qg7 31. Qxg7+ Kxg7 32. Bd1 Kf6 33. Re6+ Kg7
34. Kg2 b6 35. b4 b5 36. Kg3 Rf4 37. Bh5 Rf6 38. Re7+ Kf8 39. Rxc7 Rf4 40. Rc6
Rc4 41. Rxd6 Rxc3+ 42. Kg4 Ra3 43. Rxh6 Rxa2 44. Kxg5 Ra4 45. Kf6 Rxb4 46. Rh8#
1-0

[Event "Challenge"]
[Site "http://www.queenalice.com/game.php?id=38139"]
[Date "2005.11.16"]
[Round "-"]
[White "VICSAR"]
[Black "croquesaveur"]
[Result "0-1"]
[WhiteElo "1100"]
[BlackElo "1669"]

1. e4 c5 2. Nf3 e6 3. Nc3 Nf6 4. d4 d6 5. Bg5 h6 6. Bh4 Nc6 7. e5 dxe5 8. dxe5
Qxd1+ 9. Nxd1 Ne4 10. Bb5 g5 11. Bxc6+ bxc6 12. Bg3 Ba6 13. Nd2 Nxd2 14. Kxd2
Bg7 15. Nc3 O-O-O+ 16. Ke3 Rd4 17. Rad1 Rhd8 18. a3 f5 19. exf6 Bxf6 20. f3 Rc4
21. Rd6 Bxc3 22. Rxc6+ Kb7 23. Rc7+ Kb6 24. bxc3 Rxc3+ 25. Ke4 Rd4+ 26. Ke5 Kxc7
27. Kxe6+ Kd8 28. Be5 Re3 29. Rb1 Bc8+ 30. Kf6 Rd2 31. Rb5 Rxg2 32. Rxc5 Rxf3+
33. Kg7 Rxa3 34. Kf7 Ra6 35. Rd5+ Bd7 36. Bf6+ Kc8 37. Kg7 Rxc2 38. h4 Rc7 39.
Kg6 Rcc6 40. hxg5 hxg5 41. Kxg5 Rxf6 42. Rc5+ Kd8 0-1

[Event "Challenge"]
[Site "http://www.queenalice.com/game.php?id=38445"]
[Date "2005.11.18"]
[Round "-"]
[White "croquesaveur"]
[Black "trono"]
[Result "0-1"]
[WhiteElo "1560"]
[BlackElo "1360"]

1. d4 g6 2. e4 Bg7 3. Nf3 c6 4. Bc4 d6 5. Bg5 Qb6 6. Nc3 Qxb2 7. Rb1 Qxc3+ 8.
Nd2 Qxd4 9. Qf3 e6 10. c3 Qxc3 11. Qf4 Be5 12. Qg4 d5 13. exd5 cxd5 14. Bb5+ Bd7
15. O-O Nf6 16. Rfc1 Qd4 17. Rc8+ Ke7 18. Qxd4 Bxd4 19. Rxh8 a6 20. Bxd7 Kxd7
21. Rxb7+ Kd6 22. Rhxb8 Rxb8 23. Rxb8 Nd7 24. Ra8 f6 25. Rxa6+ Ke7 26. Be3 Bc3
27. a4 d4 28. Bh6 g5 29. Ne4 Bb4 30. Rc6 Ne5 31. f4 Nxc6 32. fxg5 f5 33. Nf2 e5
34. h4 e4 35. h5 d3 36. g6 hxg6 37. hxg6 Bc5 38. Kf1 Bxf2 39. Kxf2 Ne5 40. a5
Nc6 41. a6 Na7 42. Ke3 Kf6 43. g7 Kf7 44. Kd2 Kg8 0-1

[Event "Challenge"]
[Site "http://www.queenalice.com/game.php?id=38457"]
[Date "2005.11.18"]
[Round "-"]
[White "Wifeykaz"]
[Black "croquesaveur"]
[Result "0-1"]
[WhiteElo "1193"]
[BlackElo "1649"]

1. e4 e6 2. Bc4 d5 3. exd5 exd5 4. Bb5+ c6 5. Bd3 Nf6 6. Nf3 Bg4 7. c4 d4 8. Ne5
Bxd1 9. Kxd1 Bb4 10. Bf5 O-O 11. a3 Bd6 12. Nd3 Re8 13. b4 g6 14. Bh3 Ne4 15.
Bb2 Qf6 16. Re1 Nxf2+ 17. Kc2 Rxe1 18. Nxe1 Nxh3 19. gxh3 Bxh2 20. Nd3 Nd7 21.
Ra2 c5 22. bxc5 Ne5 23. Bxd4 Rd8 24. a4 Rxd4 25. Nb4 Nxc4 26. d3 Qf2+ 27. Kc3
Qf4 28. dxc4 Qe3+ 29. Kb2 Rxc4 30. c6 Qc1+ 31. Kb3 Rxb4+ 32. Kxb4 Qxb1+ 33. Ka5
Qxa2 34. c7 Bxc7+ 35. Kb5 Qb3+ 36. Kc5 Qxa4 37. h4 Qxh4 38. Kd5 Qf6 0-1

[Event "Brazil vs. Canada"]
[Site "http://www.queenalice.com/game.php?id=38703"]
[Date "2005.11.19"]
[Round "-"]
[White "wandi"]
[Black "croquesaveur"]
[Result "1-0"]
[WhiteElo "1492"]
[BlackElo "1566"]

1. e4 d6 2. d4 Nf6 3. Nc3 Nc6 4. Nf3 Bg4 5. Bb5 a6 6. Ba4 b5 7. Bb3 b4 8. Nd5
Nxe4 9. O-O e5 10. Re1 f5 11. Ba4 Rb8 12. Bxc6+ Kf7 13. Bg5 Nxg5 14. Nxg5+ Qxg5
15. Qd3 e4 16. Qxa6 Bf3 17. g3 Be7 18. Qc4 Bf6 19. Nf4+ Kf8 20. Qe6 Bxd4 21. Qd7
Qe7 22. Ne6+ Kf7 23. Nxd4 Qxd7 24. Bxd7 g6 25. Nxf3 exf3 26. Bc6 Kf6 27. Bxf3 c5
28. Rad1 Rhd8 29. Bd5 Kg7 30. Re7+ Kh6 31. f4 Re8 32. Rde1 Rxe7 33. Rxe7 Rd8 34.
Kf2 Rh8 35. Rd7 g5 36. Rxd6+ Kh5 37. Rc6 gxf4 38. Rxc5 fxg3+ 39. Kxg3 Rg8+ 40.
Bxg8 1-0

[Event "Challenge"]
[Site "http://www.queenalice.com/game.php?id=38718"]
[Date "2005.11.19"]
[Round "-"]
[White "croquesaveur"]
[Black "Doctor"]
[Result "0-1"]
[WhiteElo "1566"]
[BlackElo "1136"]

1. e4 e6 2. d4 a6 3. Nf3 d5 4. Nc3 Bb4 5. Bd3 Nf6 6. Bg5 h6 7. Bh4 Rg8 8. e5 g5
9. Bg3 Nh5 10. O-O Nxg3 11. hxg3 Nc6 12. a3 Be7 13. Bh7 Rg7 14. Bd3 Na7 15. Na4
Nc6 16. c4 g4 17. Nh2 h5 18. Be2 dxc4 19. f4 b5 20. Nc5 Qxd4+ 21. Qxd4 Nxd4 0-1

[Event "Challenge"]
[Site "http://www.queenalice.com/game.php?id=38869"]
[Date "2005.11.20"]
[Round "-"]
[White "croquesaveur"]
[Black "renard77"]
[Result "0-1"]
[WhiteElo "1649"]
[BlackElo "1466"]

1. e4 Nc6 2. d4 e5 3. d5 Nce7 4. Nf3 Ng6 5. Bb5 Bc5 6. O-O a6 7. Ba4 b5 8. Bb3
d6 9. Re1 Nh6 10. Bg5 f6 11. Bh4 Nxh4 12. Nxh4 O-O 13. Nc3 f5 14. Qh5 f4 15. a4
Bg4 16. Qxg4 Nxg4 17. Nf5 Bxf2+ 0-1

[Event "AUTO-ADV-106"]
[Site "http://www.queenalice.com/game.php?id=39090"]
[Date "2005.11.22"]
[Round "1"]
[White "croquesaveur"]
[Black "Chakal69"]
[Result "1-0"]
[WhiteElo "1300"]
[BlackElo "1637"]

1. e4 e5 2. Nf3 Nc6 3. Bb5 Nf6 4. Nc3 Qe7 5. O-O Qe6 6. Ng5 Qg4 7. Qxg4 Nxg4 8.
Nd5 h6 9. Nxc7+ Kd8 10. Nxa8 Nd4 11. Nxf7+ Ke8 12. Nxh8 1-0

[Event "AUTO-ADV-106"]
[Site "http://www.queenalice.com/game.php?id=39091"]
[Date "2005.11.22"]
[Round "1"]
[White "Chakal69"]
[Black "croquesaveur"]
[Result "1/2-1/2"]
[WhiteElo "1697"]
[BlackElo "1557"]

1. e4 e6 2. e5 f6 3. f4 fxe5 4. fxe5 Nc6 5. d4 d5 6. Nf3 Bb4+ 7. c3 Ba5 8. b4
Bb6 9. Bb5 Ne7 10. O-O O-O 11. Be3 a5 12. a3 axb4 13. cxb4 Nf5 14. Bf2 Bd7 15.
Nc3 Nce7 16. Bd3 Ng6 17. g3 Ra7 18. g4 Nfh4 19. Nxh4 Nxh4 20. Bxh4 Qxh4 21.
Rxf8+ Kxf8 22. Qf3+ Kg8 23. Rf1 Bxd4+ 24. Kh1 Qe7 25. Ne2 Bxe5 26. g5 Ra8 27. g6
hxg6 28. Qh3 Rxa3 29. Rf3 Ra1+ 30. Kg2 Qg5+ 31. Ng3 Ra2+ 32. Rf2 Rxf2+ 33. Kxf2
Qd2+ 34. Ne2 Qxb4 35. Bxg6 Qf8+ 36. Ke1 Qf6 37. Qh7+ Kf8 38. Qh8+ Ke7 39. Qh5 c5
40. Kd2 Bxh2 41. Qg4 Be8 42. Bxe8 Kxe8 43. Qh5+ Kd7 44. Qxh2 g5 45. Qh7+ Kc6 46.
Qc2 d4 47. Qa4+ Kd6 48. Qa7 Qe7 49. Qb6+ Ke5 50. Qb5 g4 51. Qd3 Qg5+ 52. Kd1 Kd5
53. Qb3+ Ke4 54. Qxe6+ Kf3 1/2-1/2

[Event "AUTO-ADV-106"]
[Site "http://www.queenalice.com/game.php?id=39092"]
[Date "2005.11.22"]
[Round "1"]
[White "croquesaveur"]
[Black "Edgar"]
[Result "1-0"]
[WhiteElo "1513"]
[BlackElo "1681"]

1. e4 e5 2. Nf3 Nc6 3. Bc4 Nf6 4. Ng5 d5 5. exd5 Nxd5 6. Nxf7 Kxf7 7. Qf3+ Ke7
8. Bxd5 Be6 9. Bxe6 Kxe6 10. Qb3+ Kd6 11. Qxb7 g6 12. Nc3 Rb8 13. Ne4+ Kd7 14.
Qa6 Rb6 15. Qd3+ Kc8 16. Qxd8+ Kxd8 17. O-O Nd4 18. c3 Ne2+ 19. Kh1 Nxc1 20.
Rfxc1 Rxb2 21. Rcb1 Rxb1+ 22. Rxb1 Kc8 23. Rb5 Bg7 24. Ra5 Kb7 25. Rd5 Kc6 26.
c4 Rf8 27. f3 h6 28. Kg1 Rb8 29. Rc5+ Kd7 30. Ra5 Rb4 31. d3 Rb1+ 32. Kf2 g5 33.
Rxa7 Kc6 34. Ra5 Rb2+ 35. Kg3 Kb6 36. Ra8 Kc6 37. Rg8 Rxa2 38. Rxg7 Ra6 39. Kg4
Rb6 40. Kh5 Kb7 41. Rh7 Rb2 42. Rxh6 Rxg2 43. h3 c6 44. Nxg5 Rd2 45. Rd6 Kb6 46.
Ne4 Rd1 47. c5+ Kc7 48. h4 Rf1 49. Ng5 Re1 50. Kg6 Rh1 51. h5 Rh4 52. h6 1-0

[Event "AUTO-ADV-106"]
[Site "http://www.queenalice.com/game.php?id=39093"]
[Date "2005.11.22"]
[Round "1"]
[White "Edgar"]
[Black "croquesaveur"]
[Result "1-0"]
[WhiteElo "1637"]
[BlackElo "1669"]

1. e4 e5 2. Nf3 Nc6 3. Nc3 g6 4. d4 exd4 5. Nxd4 Bg7 6. Nxc6 bxc6 7. Bc4 Qe7 8.
O-O Bxc3 9. bxc3 Qxe4 10. Re1 Qe7 11. Rxe7+ Nxe7 12. Bh6 d5 13. Bd3 Nf5 14. Qe2+
Be6 15. Bf4 O-O-O 16. Ba6+ Kb8 17. Qe5 Rd7 18. Rb1+ Ka8 19. Qxh8+ 1-0

[Event "Challenge"]
[Site "http://www.queenalice.com/game.php?id=45271"]
[Date "2005.12.26"]
[Round "-"]
[White "renard77"]
[Black "croquesaveur"]
[Result "1-0"]
[WhiteElo "1580"]
[BlackElo "1561"]

1. d4 d5 2. Nc3 Nf6 3. e4 dxe4 4. f3 exf3 5. Nxf3 b6 6. Bc4 Bb7 7. O-O e6 8. Bg5
c6 9. Ne5 Bd6 10. Ne4 Qc7 11. Bxf6 gxf6 12. Nxf6+ Ke7 13. Nfg4 f5 14. Qe1 fxg4
15. Rf7+ Kd8 16. Rxc7 Kxc7 17. Bxe6 h5 18. Nf7 Re8 19. c4 c5 20. d5 Nd7 21. Nxd6
Kxd6 22. Qg3+ Ne5 23. Re1 1-0

[Event "Challenge"]
[Site "http://www.queenalice.com/game.php?id=46612"]
[Date "2006.1.6"]
[Round "-"]
[White "Happytab"]
[Black "croquesaveur"]
[Result "1-0"]
[WhiteElo "1443"]
[BlackElo "1514"]

1. d4 Nf6 2. Nf3 e6 3. g3 d5 4. Bf4 c5 5. Ne5 Be7 6. e3 O-O 7. dxc5 Bxc5 8. a3
Nbd7 9. c3 Bd6 10. Be2 Nxe5 11. Qd4 Qc7 12. O-O b5 13. Nd2 Nc6 14. Qd3 h6 15. b4
e5 16. Bxh6 gxh6 17. Qxb5 Qb6 18. Qa4 Bg4 19. Bxg4 Nxg4 20. b5 Nxe3 21. Rfe1 Nc2
22. Qxc2 Qxb5 23. Rab1 Qa6 24. a4 Rab8 25. Rbd1 Rfc8 26. Nf3 Nb4 27. Qf5 Rxc3
28. Nxe5 Bxe5 29. Qxe5 Rbc8 30. Qf5 Qxa4 31. Kg2 Qc6 32. Qg4+ Kh7 33. Re7 d4+
34. Re4 Rg8 35. Qf5+ Kh8 36. Rxd4 Nc2 37. Rd5 Rg5 38. Qxf7 Rxd5 39. Qf8+ Kh7 40.
Re7+ Kg6 41. Qf7+ Kg5 42. f4+ Kg4 43. h3# 1-0

[Event "Challenge"]
[Site "http://www.queenalice.com/game.php?id=46680"]
[Date "2006.1.6"]
[Round "-"]
[White "croquesaveur"]
[Black "Frpo055"]
[Result "0-1"]
[WhiteElo "1530"]
[BlackElo "1613"]

1. e4 e6 2. d4 d5 3. Nc3 c5 4. exd5 exd5 5. Nf3 Nf6 6. Bd3 Nc6 7. Be3 c4 8. Be2
Bb4 9. O-O O-O 10. Bg5 Bxc3 11. bxc3 Qd6 12. Re1 Ne4 13. Bh4 Nxc3 14. Qd2 Nxe2+
15. Rxe2 Bg4 16. Re3 Rfe8 17. Rae1 Rxe3 18. Qxe3 Bxf3 19. Bg3 Qe6 20. gxf3 Re8
21. Bd6 Qg6+ 22. Kf1 Rxe3 23. Rxe3 h6 24. Re8+ Kh7 0-1

[Event "Challenge"]
[Site "http://www.queenalice.com/game.php?id=51968"]
[Date "2006.2.9"]
[Round "-"]
[White "croquesaveur"]
[Black "bish"]
[Result "0-1"]
[WhiteElo "1493"]
[BlackElo "1633"]

1. e4 Nf6 2. e5 Nd5 3. d4 d6 4. c4 Nb6 5. f4 dxe5 6. fxe5 Nc6 7. Be3 Bf5 8. Nc3
e6 9. Nf3 Be7 10. Be2 O-O 11. O-O Na5 12. b3 c6 13. Qd2 Rc8 14. Rad1 f6 15. exf6
Bxf6 16. Na4 Nbxc4 17. bxc4 b6 18. Bg5 h6 19. Bxf6 Rxf6 20. d5 cxd5 21. cxd5 Nc4
22. Bxc4 Rxc4 23. Nc3 Qd6 24. Rfe1 Qc5+ 25. Kh1 Rxc3 26. Re5 Rc2 27. Qf4 Qf2 28.
Qg3 Qxg3 29. hxg3 Bg4 30. d6 Rf8 31. Kh2 Bxf3 32. d7 Bxd1 0-1